Historia de la Universidad de los Andes /

Bibliographic Details
Main Author: Chalbaud Cardona, Eloi
Format: Book
Language:Spanish
Published: Mérida, Venezuela : Universidad de los Andes, Ediciones del Rectorado, 1966-
Subjects:

MARC

Tag First Indicator Second Indicator Subfields
LEADER 00000cam a2200000 4500
001 in00003469607
005 20151206104649.0
008 840321m19669999ve ah b 00010 spa
010 |a  74228325  
040 |d UtOrBLW 
043 |a s-ve--- 
082 0 |a 378.87/13  |2 19 
090 |a LE76.M52  |b C48 
100 1 |a Chalbaud Cardona, Eloi. 
245 1 0 |a Historia de la Universidad de los Andes /  |c [por] Eloi Chalbaud Cardona. 
264 1 |a Mérida, Venezuela :  |b Universidad de los Andes, Ediciones del Rectorado,  |c 1966- 
300 |a volumes :  |b illustrations, facsimiles ;  |c 24 cm. 
336 |a text  |b txt  |2 rdacontent 
337 |a unmediated  |b n  |2 rdamedia 
338 |a volume  |b nc  |2 rdacarrier 
504 |a Includes bibliographies. 
505 1 |a t. 1. Desde la fundación del Seminario hasta 1810.--t. 2. Desde la revolución de Independencia hasta 1832.--t. 3. Desde la reconstitución de la República hasta las actividades del Tribunal Académico.--t. 4. Desde la relación de las propriedades urbanas y rurales de la universidad hasta la llegada de la guerra federal.--t. 5. Desde la llegada de la guerra federal-1859 hasta el triunfo de la revolución de abril-1870.--t. 6. Desde el triunfo de la revolución de abril 1870 hasta el final del siglo XIX.--t. 7. Estado económico del instituto desde el triunfo de la revolución de abril-1870 hasta el triunfo de la revolución restauradora-1899.--t. 8. La universidad durante el Gobierno de la revolución restauradora, 1899-1908. 
610 2 0 |a Universidad de los Andes (Mérida, Venezuela)  |x History. 
999 |a MARS 
999 f f |s 4c197b4f-49d3-3394-9bc6-abe4c663c1ca  |i af19c55d-9eb0-3ae6-bf41-3e19e74415e8  |t 0 
952 f f |p ric  |a Texas A&M University  |b Rellis Campus  |c Joint Library Facility  |d Remote Storage  |t 0  |e LE76.M52 C48  |h Library of Congress classification  |i unmediated -- volume  |k t.1  |m 32060003867500 
998 f f |a LE76.M52 C48  |t 0  |l Remote Storage